000
00320nam a22001337a 4500
008
170614b xxu||||| |||| 00| 0 eng d
020
_a
9780801860966
041
_a
eng
080
_a
328
100
_a
19
101
_a
SHP
245
_a
WHY GOVERMMENTS WASE NATURAL RESOURSES POLICY
_c
ASCHER.W
942
_2
udc
_c
BK
999
_c
17395
_d
17395